Advancement of Ecology : Symposium Held at Muzaffarnagar December 8 - 10, 1976 Part I (Record no. 592814)

MARC details
000 -LEADER
fixed length control field 00570nam a2200145Ia 4500
008 - FIXED-LENGTH DATA ELEMENTS--GENERAL INFORMATION
fixed length control field 100415s9999 xx 000 0 und d
082 ## - DEWEY DECIMAL CLASSIFICATION NUMBER
Item number 9882
Classification number 591.9
100 ## - MAIN ENTRY--PERSONAL NAME
Personal name Agarwal VP (ed.)
245 ## - TITLE STATEMENT
Title Advancement of Ecology : Symposium Held at Muzaffarnagar December 8 - 10, 1976 Part I
260 ## - PUBLICATION, DISTRIBUTION, ETC. (IMPRINT)
Place of publication, distribution, etc NEW DELHI
Date of publication, distribution, etc 1979
Name of publisher, distributor, etc TODAY & TOMORROW'S
365 ## - TRADE PRICE
Price amount 95
630 ## - SUBJECT ADDED ENTRY--UNIFORM TITLE
Uniform title Advancement of Ecology : Symposium Held at Muzaffarnagar December 8 - 10, 1976 Part I
730 ## - ADDED ENTRY--UNIFORM TITLE
Uniform title Advancement of Ecology : Symposium Held at Muzaffarnagar December 8 - 10, 1976 Part I
942 ## - ADDED ENTRY ELEMENTS (KOHA)
Koha item type Book
Holdings
Withdrawn status Lost status Damaged status Not for loan Home library Current library Date acquired Cost, normal purchase price Total Checkouts Full call number Barcode Date last seen Price effective from Koha item type
        Bombay Natural History Society Bombay Natural History Society 09/27/1997 95.00   591.9 9882 BNHS-9882 04/15/2010 04/15/2010 Book